Recommendations for population study and demographic research in Indonesia. (Record no. 62147)
[ view plain ]
| 000 -LEADER | |
|---|---|
| fixed length control field | 00630cam a22002171 4500 |
| 001 - CONTROL NUMBER | |
| control field | sa 65001662 |
| 003 - CONTROL NUMBER IDENTIFIER | |
| control field | DLC |
| 005 - DATE AND TIME OF LATEST TRANSACTION | |
| control field | 20260227112110.0 |
| 008 - FIXED-LENGTH DATA ELEMENTS--GENERAL INFORMATION | |
| fixed length control field | 970505s1964 io 000 0 eng |
| 010 ## - LIBRARY OF CONGRESS CONTROL NUMBER | |
| LC control number | sa 65001662 |
| 035 ## - SYSTEM CONTROL NUMBER | |
| System control number | (OCoLC)36854554 |
| 040 ## - CATALOGING SOURCE | |
| Original cataloging agency | DLC |
| Transcribing agency | WU |
| Modifying agency | DLC |
| 042 ## - AUTHENTICATION CODE | |
| Authentication code | premarc |
| 050 00 - LIBRARY OF CONGRESS CALL NUMBER | |
| Classification number | HB3645 |
| Item number | .K4 |
| 110 1# - MAIN ENTRY--CORPORATE NAME | |
| Corporate name or jurisdiction name as entry element | Djakarta. Lembaga Ekonomi dan Kemasjarakatan Nasional. |
| 245 10 - TITLE STATEMENT | |
| Title | Recommendations for population study and demographic research in Indonesia. |
| 260 ## - PUBLICATION, DISTRIBUTION, ETC. | |
| Place of publication, distribution, etc. | [Djakarta, |
| Date of publication, distribution, etc. | 1964] |
| 300 ## - PHYSICAL DESCRIPTION | |
| Extent | 9 p. |
| Dimensions | 28 cm. |
| 500 ## - GENERAL NOTE | |
| General note | Its Warta Laknas, no.3/1964. |
| 650 #0 - SUBJECT ADDED ENTRY--TOPICAL TERM | |
| Topical term or geographic name entry element | Indonesia |
| General subdivision | Population. |
No items available.